Satisfactory General Knowledge (Easy) - Statistics

General Stats
  • This quiz has been taken 125 times
  • The average score is 7 of 10
Answer Stats
Hint Answer % Correct
Is your character male or female? Female
97%
What is the name of the in-game Company? Ficsit
80%
What is the name of your base building? The HUB
78%
What is concrete's raw form? Limestone
76%
What is the Developer of the game? Coffee Stain Studios
73%
What is the name of the AI that talks to you? ADA
71%
What are the power sources on the back of the building of the previous question? Biomass Generator
61%
What is your in-game profession? Pioneer
56%
What is the name of the starting weapon? Xeno Zapper
56%
What object is used to supercharge a machine? Power Slugs
43%
No matching quizzes found
Score Distribution
Percent of People with Each Score
Percentile by Number Answered
Your Score History
You have not taken this quiz